|
|
|
|
| LEADER |
00000nam0a2200000 4500 |
| 001 |
169565 |
| 005 |
20231101222831.0 |
| 035 |
|
|
|a (RuTPU)RU\TPU\book\183926
|
| 090 |
|
|
|a 169565
|
| 100 |
|
|
|a 20091114d1961 km y0rusy50 ca
|
| 101 |
0 |
|
|a rus
|
| 102 |
|
|
|a RU
|
| 105 |
|
|
|a a z 001zy
|
| 200 |
1 |
|
|a Методика и практика металлографического исследования инструментальной стали
|e Сборник работ металлографической лаборатории ВНИИ
|f Всесоюзный научно-исследовательский инструментальный институт (ВНИИ) ; под ред. Е. И. Малинкиной
|
| 210 |
|
|
|a Москва
|c Машгиз
|d 1961
|
| 215 |
|
|
|a 228 с.
|c ил.
|
| 320 |
|
|
|a Библиография в конце работ.
|
| 606 |
1 |
|
|a Сталь инструментальная
|x Металлография
|2 stltpush
|3 (RuTPU)RU\TPU\subj\56457
|9 74364
|
| 610 |
1 |
|
|a металлургия
|
| 610 |
1 |
|
|a сталь
|
| 610 |
1 |
|
|a металлография
|
| 610 |
1 |
|
|a инструментальная сталь
|
| 610 |
1 |
|
|a исследование
|
| 610 |
1 |
|
|a методика
|
| 610 |
1 |
|
|a методические указания
|
| 610 |
1 |
|
|a микроструктура
|
| 610 |
1 |
|
|a шлифы
|
| 610 |
1 |
|
|a перлиты
|
| 610 |
1 |
|
|a строение
|
| 610 |
1 |
|
|a закалка
|
| 610 |
1 |
|
|a дефекты
|
| 675 |
|
|
|a 669.018.25
|v 3
|
| 702 |
|
1 |
|a Малинкина
|b Е. И.
|g Евдокия Ильинична
|4 340
|
| 712 |
0 |
2 |
|a Всесоюзный научно-исследовательский инструментальный институт (ВНИИ)
|2 stltpush
|3 (RuTPU)RU\TPU\col\8842
|
| 801 |
|
1 |
|a RU
|b 63413507
|c 20091114
|
| 801 |
|
2 |
|a RU
|b 63413507
|c 20180724
|g RCR
|
| 942 |
|
|
|c BK
|